00373nam a2200121Ia 4500008004100000041000800041100001200049245001900061260003500080650001500115999001900130952010200149231219s9999 xx 000 0 und d aeng aR.Arons aEuro Marketing bGlobal Business Press Delhi95  aManagement c976802d976802 00104070aMCMbMCMd2023-12-21g750.00l0pMCM-56BB0002601r2023-12-21 00:00:00w2023-12-21yBK